Statistics for Sexually Transmitted Diseases: highest rates in Europe & USA

Click here to take the quiz!

General Stats

  • This quiz has been taken 153 times
  • The average score is 15 of 30

Answer Stats

CategoryPer 100kAnswer% Correct
Chylymydia Europe 5th281UK
93%
HIV Europe 2nd34Russia
84%
Syphilis Europe 2nd74Russia
84%
Syphilis USA 4th23New York
71%
HIV Europe 3rd27Ukraine
69%
Syphilis Europe 4th45Ukraine
69%
Chylamydia Europe 4th362Sweden
68%
Syphilis USA 5th20Florida
67%
HIV USA 4th33Florida
67%
Chlamydia Europe 2nd424Norway
61%
Chylamydia USA 5th503Mississippi
58%
Chylamydia USA 3rd568Alabama
57%
HIV Europe 5th17Latvia
56%
Chlamydia Europe 3rd371Denmark
55%
HIV Europe 1st45Estonia
53%
Syphilis USA 3rd24Georgia
52%
HIV USA 3rd38Georgia
52%
HIV USA 5th32Louisiana
51%
Syphilis USA 2nd36Louisiana
51%
HIV Europe 4th17Portugal
48%
Syphilis Europe 3rd47Bulgaria
43%
Syphilis Europe 1st78Moldova
42%
Chlamydia Europe 1st619Iceland
38%
Chylamydia USA 4th513Alaska
28%
HIV USA 2nd40Maryland
23%
Chylamydia USA 1st628Delaware
19%
Syphilis Europe 5th41Monaco
9%
Chylamydia USA 2nd570District of Columbia
3%
Syphilis USA 1st75District of Columbia
3%
HIV USA 1st180District of Columbia
3%

Score Distribution

Percentile by Number Answered

Percent of People with Each Score

Your Score History

You have not taken this quiz